| 000 | 00444nam a2200181Ia 4500 | ||
|---|---|---|---|
| 008 | 240729s9999 xx 000 0 und d | ||
| 022 | _a2227-9040 | ||
| 245 | 0 | _aChemosensors | |
| 260 | _aSwitzerland | ||
| 260 | _bMDPI AG | ||
| 650 | _a Biochemistry | ||
| 650 | _a Chemistry | ||
| 650 | _a Organic chemistry | ||
| 650 | _aScience | ||
| 856 | _uhttps://doaj.org/toc/a1d96170e9bf4c14a6ab8aec1e612365 | ||
| 942 | _2ddc | ||
| 942 | _cDOAJEJ | ||
| 999 |
_c74047 _d74047 |
||
| 945 |
_a1 _bMadushi Gamage _c1 _dMadushi Gamage |
||